El agua
Salvato in:
| Autore principale: | |
|---|---|
| Natura: | Libro |
| Lingua: | spagnolo |
| Pubblicazione: |
Ciudad de México
Fondo de Cultura Economica
1991
|
| Serie: | La ciencia desde México, 102
|
| Soggetti: | |
| Tags: |
Aggiungi Tag
Nessun Tag, puoi essere il primo ad aggiungerne!!
|
MARC
| LEADER | 00000nam a2200000 a 4500 | ||
|---|---|---|---|
| 001 | UCX8357 | ||
| 003 | CL-VaPUC | ||
| 008 | 940324e19910000MX |||||||||||||||||spa|d | ||
| 082 | 0 | 4 | |a 553.7 |b GUE |2 21 |
| 100 | |a Guerrero Legarreta, Manuel |e author |9 325459 | ||
| 245 | 1 | 3 | |a El agua |
| 300 | |a 117 p | ||
| 942 | |c BK | ||
| 945 | |d 19940324 00:00:00 |a mfernand | ||
| 260 | |a Ciudad de México |b Fondo de Cultura Economica |c 1991 | ||
| 650 | 0 | |a Agua |9 257149 | |
| 583 | |a last modification |c 19940324 00:00:00 |k Rodrigo Vera | ||
| 490 | 0 | |a La ciencia desde México, 102 | |
| 999 | |c 227885 |d 227883 | ||
| 952 | |0 0 |1 0 |4 0 |6 553_700000000000000_GUE_1991 |7 0 |8 A |9 227172 |a BIBING |b BIBING |d 2019-11-15 |i 296354K |l 1 |o 553.7 GUE 1991 |p 296354K |r 2025-01-20 |s 2022-03-31 |w 2019-11-15 |y BK |k GEO | ||